000 004460000a22001930004500
005 20120302055013.0
942 _cBOOK
245 _a Mandukyopanishada
260 _aMumbai:Daamodar Saawalaaram,1913.
300 _a417p.
490 _aSulabha-Puran Granthmaalaa
040 _aSAN
365 _b3/-
650 _aVeda
650 _aDharma
650 _aUpnishada-Maandukya
650 _aAagama-Vaitathya
650 _aAdwaitaakhya-Shanti
999 _c347213
_d347210